Крупнопанельное домостроение в Баку: эстетические проблемы

Bibliographic Details
Main Author: Гиясбейли О. Н.
Language:Russian
Published: Баку, Азернешр, 1982
Subjects:
Format: Book
KOHA link:https://koha.lib.tpu.ru/cgi-bin/koha/opac-detail.pl?biblionumber=304070

MARC

LEADER 00000nam0a2200000 4500
001 304070
005 20231101010353.0
035 |a (RuTPU)RU\TPU\book\329305 
090 |a 304070 
100 |a 20150909d1982 k y0rusy5003 ca 
101 0 |a rus 
102 |a AZ 
105 |a a z 001zy 
200 1 |a Крупнопанельное домостроение в Баку: эстетические проблемы  |f О. Н. Гиясбейли 
210 |a Баку  |c Азернешр  |d 1982 
215 |a 125 с.  |c 16 л. ил. 
320 |a Библиогр.: с. 120-123 
606 1 |a Крупнопанельное строительство   |2 stltpush  |3 (RuTPU)RU\TPU\subj\16567 
610 1 |a Баку 
610 1 |a эстетика 
610 1 |a элементы 
610 1 |a композиции 
610 1 |a жилые дома 
610 1 |a благоустройство 
675 |a 69.057  |z rus  |v 4 
700 1 |a Гиясбейли  |b О. Н.  |4 070 
801 0 |a RU  |b RuMRKP  |c 19950704  |g psbo 
801 1 |a RU  |b 63413507  |c 20150909 
801 2 |a RU  |b 63413507  |c 20171002  |g RCR 
942 |c BK